000 00367nam a2200157Ia 4500
003 OSt
005 20240224160018.0
008 170524s9999 xx 000 0 und d
020 _a, 9788126510467
040 _cIIMT UNIVERSITY MEERUT
100 _aHarch- Jerry
245 0 _aAdvanced Organic Chemistry
260 _bWiley India
260 _c2007
942 _2ddc
_c02
999 _c5257
_d5257